Total quality management in tourism / (Record no. 2036)

MARC details
000 -LEADER
fixed length control field 00564nam a22001817a 4500
005 - DATE AND TIME OF LATEST TRANSACTION
control field 20230328075422.0
008 - FIXED-LENGTH DATA ELEMENTS--GENERAL INFORMATION
fixed length control field 230328b |||||||| |||| 00| 0 eng d
020 ## - INTERNATIONAL STANDARD BOOK NUMBER
International Standard Book Number 978-93-5269-359-7
082 ## - DEWEY DECIMAL CLASSIFICATION NUMBER
Classification number 338.4791068 T717 2019
100 ## - MAIN ENTRY--PERSONAL NAME
Personal name Singh, Shweta
Relator term editor
245 ## - TITLE STATEMENT
Title Total quality management in tourism /
Statement of responsibility, etc. editor by Shweta Singh
260 ## - PUBLICATION, DISTRIBUTION, ETC.
Place of publication, distribution, etc. New Delhi, IN:
Name of publisher, distributor, etc. Random Publications,
Date of publication, distribution, etc. c2019
300 ## - PHYSICAL DESCRIPTION
Extent viii, 296p.
541 ## - IMMEDIATE SOURCE OF ACQUISITION NOTE
Accession number 6255
650 ## - SUBJECT ADDED ENTRY--TOPICAL TERM
Topical term or geographic name entry element Tourist trade - Management
650 ## - SUBJECT ADDED ENTRY--TOPICAL TERM
Topical term or geographic name entry element Tourist trade - Quality control
650 ## - SUBJECT ADDED ENTRY--TOPICAL TERM
Topical term or geographic name entry element Total quality management
Holdings
Withdrawn status Lost status Source of classification or shelving scheme Damaged status Not for loan Home library Current library Date acquired Total Checkouts Full call number Barcode Date last seen Copy number Price effective from Koha item type
    Dewey Decimal Classification     ctu-moalboal ctu-moalboal 10/14/2019   338.4791068 T717 2019 6255 03/28/2023 1 03/28/2023 Books-Reference